000 00318pab a2200145 454500
008 180718b2004 xxu||||| |||| 00| 0 eng d
100 _aSen, Sarkar
245 _aJudicial accountability
260 _c2004
300 _ap.17-19.
362 _aNov
650 _aJudiciary
773 _aCBI Bulletin
909 _a64248
999 _c64248
_d64248